000 00839cab a2200253 4500
001 WB3311-35
008 090401t1997 xxu||||| |||| 00| 0 eng d
035 _a(Sirsi) u77086
041 _aeng
245 _aElectronic IT schemes launched
260 _c1997
350 _a0
490 _aCabinet Office News Release
_v(OPS 22/97) 5 March 1997, (2)
520 _aFour pilot electronic information delivery systems have been launched including Integraph provding data on government geographical and geological information.
650 _aACCESS TO INFORMATION
650 _aELECTRONIC DELIVERY
650 _aGOVERNMENT DEPARTMENTS
650 _aGOVERNMENT DIRECT
650 _aINTERGRAPH
650 _aSMALL BUSINESSES
690 _aMANAGEMENT-BUSINESS MANAGEMENT-INFORMATION MANAGEMENT
942 _n0
948 _c13/03/1997
999 _c48451
_d48451